00880 2200301 4500001002100000005001500021035002500036007000300061008004100064020002200105040001200127041000800139082001600147084001800163090002200181090002100203100002700224245011300251260003600364300003600400500001100436504002600447650004200473700000900515850001200524999002100536990002100557INLIS00000000003319420190930122811 a0010-011800000000339ta180130s2017 yoia g ind d a979-979-29-6180-5 aYOPDYOG aind04223a378.076 a378.076 MUH p aDEP 378.076 MUH p aCB-D.11 2017-8680 aMuhamad Akromd, 1987-0 aPasti lolos TKPA (Tes kemampuan dan potensi akademis) untuk PTN dan kedinasan /cMuhamad Akrom; editor, Maya3 aYogyakarta :bAndi Offet,c2017 avi, 192 hlm. :bilus. ;c23 cm. aIndeks aBibliografi: hlm. 191 4aPerguruan tinggi--xUjian, soal, dsb.0 aMaya aYOPDYOG aCB-D.11/2017-868 aCB-D.11/2017-868